| 000 | 00555nam a2200193Ia 4500 | ||
|---|---|---|---|
| 008 | 220204s9999 xx 000 0 und d | ||
| 082 |
_a576.3:58/581 _bMAN |
||
| 100 | _aMantell, S H | ||
| 245 | 0 | _aPlant biotechnology | |
| 260 |
_aCambridge _bCambridge University _c1984 |
||
| 490 | _aSoceity for experimental biology seminar series 18 | ||
| 650 | _aGenetic engineering | ||
| 650 | _aGermplasm maintenance | ||
| 650 | _aIn vitro propagation | ||
| 650 | _aPlant biotechnology | ||
| 650 | _aPlant cell culture | ||
| 700 | _aSmith, H | ||
| 942 | _cBK | ||
| 999 |
_c39957 _d39957 |
||